Employment and participation : Industrial democracy in crisis

Đã lưu trong:
Bibliografiske detaljer
Hovedforfatter: Rus, Veljko
Format: Bog
Sprog:Undetermined
Udgivet: Tokyo Chuo University Press 1982
Fag:
Tags: Tilføj Tag
Ingen Tags, Vær først til at tagge denne postø!
Thư viện lưu trữ: Trung tâm Học liệu Trường Đại học Cần Thơ
LEADER 00565nam a2200205Ia 4500
001 CTU_77491
008 210402s9999 xx 000 0 und d
082 |a 658.31 
082 |b R949 
100 |a Rus, Veljko 
245 0 |a Employment and participation : 
245 0 |b Industrial democracy in crisis 
245 0 |c Veljko Rus 
260 |a Tokyo 
260 |b Chuo University Press 
260 |c 1982 
650 |a Industrial management 
650 |x Employee participation 
904 |i Trọng Hải 
980 |a Trung tâm Học liệu Trường Đại học Cần Thơ